[Event "Vasteras op"]
[Site "Vasteras"]
[Date "2016.09.23"]
[Round "1"]
[White "Brynell, Stellan"]
[Black "Berglund, Nils Erik"]
[Result "1-0"]
[WhiteElo "2444"]
[BlackElo "1921"]
[PlyCount "74"]
[EventDate "2016.09.23"]
[EventType "swiss"]
[EventRounds "8"]
[EventCountry "SWE"]
[SourceTitle "CBM 174 Extra"]
[Source "ChessBase"]
[SourceDate "2016.10.10"]
[SourceVersion "1"]
[SourceVersionDate "2016.10.10"]
[SourceQuality "1"]

1. d4 Nf6 2. c4 g6 3. g3 Bg7 4. Bg2 0-0 5. Nc3 d6 6. Nf3 Nc6 7. 0-0 Bg4 8. h3 Bxf3 9. Bxf3 Rb8 10. Bg2 e5 11. d5 Ne7 12. e4 Nd7 13. Be3 b6 14. Qd2 f5 15. Rae1 Nf6 16. f3 Nh5 17. Ne2 Qd7 18. b3 a5 19. g4 Nf6 20. Nc3 f4 21. Bf2 g5 22. Rc1 Ra8 23. Rfd1 Rfb8 24. Bf1 Qd8 25. Be2 Nd7 26. Qc2 Ng6 27. a3 Ra7 28. Nb5 Ra6 29. Ra1 Raa8 30. b4 axb4 31. axb4 Ne7 32. Qc3 h6 33. Rxa8 Rxa8 34. Ra1 Rxa1+ 35. Qxa1 Qb8 36. Qa7 Qxa7 37. Nxa7 c5 1-0